LIBRARY & INFORMATION CENTRE, KCAET, TAVANUR

ONLINE PUBLIC ACCESS CATALOGUE (OPAC)

Our language problem / (Record no. 11765)

MARC details
000 -LEADER
fixed length control field 00338cam a2200133ua 4500
003 - CONTROL NUMBER IDENTIFIER
control field OSt
008 - FIXED-LENGTH DATA ELEMENTS--GENERAL INFORMATION
fixed length control field 190925b ||||| |||| 00| 0 eng d
082 ## - DEWEY DECIMAL CLASSIFICATION NUMBER
Classification number 400
Item number DES/OU
100 ## - MAIN ENTRY--AUTHOR NAME
Personal name Desai, M.P .
245 ## - TITLE STATEMENT
Title Our language problem /
260 ## - PUBLICATION, DISTRIBUTION, ETC. (IMPRINT)
Place of publication Ahmadabad :
Name of publisher Navajivan publishing house ,
Year of publication 1956.
300 ## - PHYSICAL DESCRIPTION
Number of Pages 216 ; .
942 ## - ADDED ENTRY ELEMENTS (KOHA)
Koha item type Books
Holdings
Withdrawn status Lost status Damaged status Home library Current library Date acquired Full call number Accession Number Koha item type
Withdrawn     KAUAET Kelappaji 07/04/2012 400 2408 Books
free website counter